000 00918nam a2200253 a 4500
001 sa 67006145
003 DLC
005 20260227112404.0
008 901221m19649999ii 00010 hino
010 _asa 67006145
040 _aDLC
_cDLC
050 0 0 _aPK2097
_b.B54 1964
100 1 0 _aBhaṭṭa, Bālakr̥shṇa,
_d1844-1914.
240 1 0 _aWorks.
_f1964
245 1 0 _aBhaṭṭa-nibandhāvalī; Svargīya Paṇḍita Bālakr̥shṇajī Bhaṭṭa ke śreshṭha aura sundara nibandhoṃ kā saṅgraha.
_cSampādaka Devīdatta Śukla [tathā] Dhanañjaya Bhaṭṭa 'Sarala.'
250 _a[7. saṃskaraṇa].
260 0 _aPrayāga,
_bHindī Sāhitya Sammelana,
_c[1964/65]-<1983 >
300 _av. <1, 3 > ;
_c19 cm.
440 0 _aSulabha-sāhitya-mālā
500 _aIn Hindi.
500 _aVols. 3- Lack series statement.
700 1 0 _aŚukla, Devidatta.
700 1 0 _aBhaṭṭa, Dhanañjaya.
999 _c75721
_d75721